000 00839nam a2200229Ii 4500
003 JO-AjNU
008 230605s9999||||xx |||||||||||||| ||und||
017 _a2011/15261
020 _a978-977-6298-49-1
040 _aJO-AjNU
_bara
_erda
_cJO-AjNU
041 _aara
050 1 4 _aHD69.2013
100 3 _aخبراء المجموعة العربية للتدريب والنشر؛ اشراف علمي محمود عبدالفتاح رضوان,
_eauthor
_943845
245 0 0 _aادارة المشروعات=Projects Management
250 _aط1
264 3 1 _aالقاهرة:المجموعة العربية للتدريب والنشر،2013
300 _a91ص
336 _atext
_btxt
_2rdacontent
337 _aunmediated
_bn
_2rdamedia
338 _avolume
_bnc
_2rdacarrier
650 4 _aالمشروعات-ادارة وتنظيم
_943846
999 _aA18879
_c22447
_d22447